Rhesus Fator (Fogsi) (Record no. 248822)

MARC details
000 -LEADER
fixed length control field 00377pam a2200157a 44500
008 - FIXED-LENGTH DATA ELEMENTS--GENERAL INFORMATION
fixed length control field 230405s2005 xxu||||| |||| 00| 0 eng d
020 ## - INTERNATIONAL STANDARD BOOK NUMBER
International Standard Book Number 8171799302
Terms of availability Rs. 245
082 ## - DEWEY DECIMAL CLASSIFICATION NUMBER
Classification number 618.2
Item number SHA
100 ## - MAIN ENTRY--PERSONAL NAME
Personal name Shah, Duru
245 ## - TITLE STATEMENT
Title Rhesus Fator (Fogsi)
260 ## - PUBLICATION, DISTRIBUTION, ETC.
Place of publication, distribution, etc. New Delhi
Name of publisher, distributor, etc. Jaypee Pub
Date of publication, distribution, etc. 2005
300 ## - PHYSICAL DESCRIPTION
Extent 144 p
502 ## - DISSERTATION NOTE
Dissertation note text
700 ## - ADDED ENTRY--PERSONAL NAME
Personal name Salvi, Vinita
906 ## - LOCAL DATA ELEMENT F, LDF (RLIN)
a 000178

No items available.